000 00397nam a22001577a 4500
003 macl
005 20161216135847.0
008 161216b xxu||||| |||| 00| 0 eng d
040 _cmacl
082 _a306.544/MAT
100 _aMathur U B
_94488
245 _aCreasure trove of Rajasthan
260 _ajaipur
_bThe Folklorists
_c2002
650 _aSocial science
_966346
942 _2ddc
_cBK
_k306.544
999 _c55652
_d55652